ŚWIATOWY RANKING FIFA na dzień 23.06.2022 - Statystyki

Ogólne statystyki
  • Ten quiz został rozwiązany 470 razy
  • Średni wynik to 23 z 30
Statystyki odpowiedzi
Kraj Punkty % Poprawnych
26 Polska 1546
99%
3 Argentyna 1771
98%
1 Brazylia 1838
98%
4 Francja 1765
96%
2 Belgia 1822
94%
11 Niemcy 1659
94%
5 Anglia 1737
93%
6 Hiszpania 1717
93%
9 Portugalia 1679
92%
8 Holandia 1679
90%
7 Włochy 1714
88%
20 Szwecja 1563
82%
14 USA 1635
82%
12 Meksyk 1650
80%
15 Chorwacja 1632
78%
13 Urugwaj 1644
77%
24 Japonia 1553
76%
27 Ukraina 1543
75%
10 Dania 1665
72%
18 Senegal 1593
69%
16 Szwajcaria 1621
67%
17 Kolumbia 1604
66%
29 Chile 1515
65%
19 Walia 1582
61%
22 Maroko 1559
59%
28 Korea Poludniowa 1526
57%
25 Serbia 1550
54%
21 Peru 1562
50%
23 Iran 1559
39%
30 Tunezja 1508
29%
Nie znaleziono quizów pasujących do podanych kryteriów
Rozkład punktacji
Procent ludzi z każdym wynikiem
Percentyl według liczby udzielonych odpowiedzi
Twoja historia wyników
Nie rozwiązałeś tego quizu